LIBRARY ONLINE CATALOGUE

Law for business students (Record no. 17465)

MARC details
000 -LEADER
fixed length control field 00471nam a22001697a 4500
008 - FIXED-LENGTH DATA ELEMENTS--GENERAL INFORMATION
fixed length control field 190222b xxu||||| |||| 00| 0 eng d
020 ## - INTERNATIONAL STANDARD BOOK NUMBER
International Standard Book Number 1292088938
040 ## - CATALOGING SOURCE
Original cataloging agency KABU
Transcribing agency KABU
050 ## - LIBRARY OF CONGRESS CALL NUMBER
Classification number KD661
Item number .A33 2016 c. 1
100 ## - MAIN ENTRY--PERSONAL NAME
Personal name Adams, Alix
245 ## - TITLE STATEMENT
Title Law for business students
Statement of responsibility, etc. Alix adams
250 ## - EDITION STATEMENT
Edition statement 9th ed.
260 ## - PUBLICATION, DISTRIBUTION, ETC. (IMPRINT)
Place of publication, distribution, etc. Harlow, England
Name of publisher, distributor, etc. Pearson education Limited
Date of publication, distribution, etc. 2016 c. 1
300 ## - PHYSICAL DESCRIPTION
Extent xl, 634 p.
650 ## - SUBJECT ADDED ENTRY--TOPICAL TERM
Topical term or geographic name as entry element Business law
942 ## - ADDED ENTRY ELEMENTS (KOHA)
Source of classification or shelving scheme Library of Congress Classification
Koha item type General Collection
Classification part KD661
Holdings
Withdrawn status Lost status Source of classification or shelving scheme Not for loan Home library Current library Date acquired Cost, normal purchase price Total Checkouts Full call number Barcode Date last seen Date last checked out Copy number Price effective from Koha item type
    Library of Congress Classification   Kabarak, Main Campus Kabarak, Main Campus 22/02/2019 3875.00 14 KD661 .A33 2016 c. 1 022987 04/03/2025 12/02/2025 c. 1 22/02/2019 General Collection